| 000 | 03071nam0a2200385 4500 | ||
|---|---|---|---|
| 001 | RU\NLR\BIBL_A\011849978 | ||
| 005 | 20250724170804.0 | ||
| 010 |
_a978-5-7310-4268-0 _9500 |
||
| 021 |
_aRU _bКН-П-18-074314 _9КН-П-18-5368 |
||
| 035 | _a(NLR Aleph) 011849978 | ||
| 035 | _a(RuMoRGB)009762025 | ||
| 090 |
_a12097611 _c12097611 |
||
| 100 | _a20181031d2018 k y0rusy50 ca | ||
| 101 | 0 |
_arus _deng |
|
| 102 | _aRU | ||
| 105 | _aa|||zzzz100zy | ||
| 200 | 1 |
_aЦифровая экономика в социально-экономическом развитии России _eсборник научных трудов по итогам Всероссийской научно-практической конференции молодых ученых Санкт-Петербургского государственного экономического университета _fМинистерство науки и высшего образования Российской Федерации, Федеральное государственное бюджетное образовательное учреждение высшего образования "Санкт-Петербургский государственный экономический университет, Совет молодых ученых _gпод редакцией проректора по научной работе доктора экономических наук, профессора Е. А. Горбашко |
|
| 210 |
_aСанкт-Петербург _cИзд-во Санкт-Петербургского государственного экономического университета _d2018 |
||
| 215 |
_a332 с. _cил., табл. _d20 |
||
| 300 | _aРез. англ. | ||
| 320 | _aБиблиогр. в конце ст. | ||
| 606 | 1 |
_aЦифровая экономика _jСъезды, совещания и т.п _yРоссийская Федерация _92664453 _3RU\NLR\AUTH\6601752480 |
|
| 606 | 1 |
_aЭкономика _jСъезды, совещания и т.п _xИнформационные технологии _92099523 _3RU\NLR\AUTH\661269945 |
|
| 686 | 1 | _aУ39(2Р)я431 | |
| 686 | 1 | _aУ.в612я431 | |
| 702 | 1 |
_aГорбашко _bЕ. А. _f1958- _gЕлена Анатольевна _4340 |
|
| 711 | 0 | 2 |
_aСанкт-Петербургский государственный экономический университет _bКонференция молодых ученых _eСанкт-Петербург _f2017 _9632823 _3RU\NLR\AUTH\880486202 |
| 712 | 0 | 2 |
_4557 _aСанкт-Петербургский государственный экономический университет _bСовет молодых учёных _9596379 _3RU\NLR\AUTH\880467197 |
| 942 | _cBOOK | ||
| 980 | _aNB | ||
| 980 | _aNB | ||
| 980 | _aNBR | ||